Drapeaux d'Asie et d'Afrique - Statistiques

Statistiques générales
  • Ce quiz a été pris 274 fois
    254 depuis la dernière actualisation
  • Le résultat moyen est 70 sur 100
Statistiques - réponses
Par images Réponse % Correct
algerie
99%
Côte d’Ivoire
94%
Chine
93%
Égypte
93%
Maroc
93%
afrique du sud
91%
turquie
91%
Viêt Nam
91%
Nigeria
89%
République démocratique du Congo
87%
angola
86%
Liban
86%
Tunisie
86%
Arabie Saoudite
85%
Sénégal
85%
Géorgie
84%
Kenya
83%
cameroun
81%
Cap-Vert
81%
Corée du Sud
81%
Japon
81%
Madagascar
81%
Népal
81%
Sri Lanka
81%
Inde
80%
Pakistan
80%
Seychelles
80%
Cambodge
79%
Somalie
79%
Bangladesh
77%
Bhoutan
77%
Comores
77%
iran
77%
Liberia
77%
Syrie
77%
Éthiopie
76%
burkina faso
75%
Mauritanie
75%
Ouganda
75%
Tchad
75%
Ghana
74%
Mali
74%
Afghanistan
73%
Irak
73%
benin
72%
Philippines
72%
République centrafricaine
72%
Indonésie
70%
Lesotho
70%
Libye
70%
Niger
70%
Tanzanie
70%
Arménie
68%
botswana
68%
Gabon
68%
Malawi
68%
Maldives
68%
Mozambique
68%
République du Congo
68%
Bahreïn
67%
Eswatini
67%
Émirats arabes unis
64%
Jordanie
64%
Kazakhstan
64%
Laos
64%
Qatar
64%
Thailand
63%
Corée du Nord
62%
Oman
62%
Érythrée
61%
Malaisie
61%
Maurice
61%
Myanmar / birmanie
60%
Rwanda
60%
Togo
60%
Yémen
60%
Guinée
59%
Soudan
59%
Azerbaïdjan
58%
Djibouti
58%
Guinée équatoriale
58%
burundi
56%
Mongolie
56%
Singapour
56%
Sierra Leone
55%
Zambie
55%
Brunei
54%
Gambie
54%
Kirghizistan
54%
Soudan du Sud
54%
Zimbabwe
54%
Ouzbékistan
53%
Namibie
51%
palestine
51%
Turkménistan
49%
Guinée-Bissau
48%
Koweït
48%
São Tomé-et-Principe
46%
Timor oriental / timor leste
46%
Tadjikistan
42%
Aucun quiz correspondant
Distribution des résultats
% des personnes avec chaque résultat
Percentile par nombre de réponses
Votre historique - résultats
Vous n’avez pas pris ce quiz depuis la dernière actualisation